Tiếng gọi của núi Tập truyện ký

Sparad:
Bibliografiska uppgifter
Huvudupphovsman: Bùi, Thị Sơn
Materialtyp: Bok
Språk:Undetermined
Publicerad: H. Hội nhà văn 2019
Ämnen:
Länkar:http://lrc.tdmu.edu.vn/opac/search/detail.asp?aID=2&ID=40864
Taggar: Lägg till en tagg
Inga taggar, Lägg till första taggen!
Thư viện lưu trữ: Trung tâm Học liệu Trường Đại học Thủ Dầu Một
LEADER 00699nam a2200205Ia 4500
001 TDMU_40864
008 210410s9999 xx 000 0 und d
082 |a 959.702 
090 |b B510 
100 |a Bùi, Thị Sơn 
245 0 |a Tiếng gọi của núi 
245 0 |b Tập truyện ký 
245 0 |c Bùi Thị Sơn 
260 |a H. 
260 |b Hội nhà văn 
260 |c 2019 
300 |a 247 tr. 
650 |a Văn học hiện đại  |x Văn học Việt Nam  |v Truyện ký; Truyện ký  |x Văn học  |z Việt Nam 
856 |u http://lrc.tdmu.edu.vn/opac/search/detail.asp?aID=2&ID=40864 
980 |a Trung tâm Học liệu Trường Đại học Thủ Dầu Một